LEADER 01717nam0 22003853i 450 001 SBL0295833 005 20231121125819.0 020 $aIT$b831162 100 $a20150804d1983 ||||0itac50 ba 101 | $aita 102 $ait 181 1$6z01$ai $bxxxe 182 1$6z01$an 200 1 $a˜La œsocietà urbana e rurale in Italia$eatti della sezione urbano rurale del 1. Convegno italiano di sociologia "Consenso e conflitto nella società contemporanea"$eRoma, 15-18 ottobre 1981$fa cura di Gian Franco Elia e Franco Martinelli 210 $aMilano$cFranco Angeli$dc1983 215 $a388 p.$d22 cm. 225 | $aCollana di sociologia$v55 410 0$1001CFI0151987$12001 $aCollana di sociologia$v55 606 $aCongressi$xRoma$x1981$2FIR$3RMLC411145$9N 606 $aSociologia urbana$xCongressi$x1981$2FIR$3RMLC411555$9I 606 $aSociologia rurale$xCongressi$x1981$2FIR$3RMLC411556$9I 676 $a307$9$v21 702 1$aElia$b, Gian Franco$3CFIV023135 702 1$aMartinelli$b, Franco$f <1933- >$3CFIV023138 710 12$aConvegno italiano di sociologia$d <1.$f ; 1981$e ; Roma>$3RAVV023965$4070$0425668 790 1$aElia$b, Gianfranco$3CFIV130251$zElia, Gian Franco 801 3$aIT$bIT-01$c20150804 850 $aIT-RM0289 $aIT-FR0017 899 $aBiblioteca Statale A. Baldini$bRM0289 899 $aBiblioteca umanistica Giorgio Aprea$bFR0017 $eN 912 $aSBL0295833 950 0$aBiblioteca umanistica Giorgio Aprea$d 52MAG 6/911$e 52BUN0000135345 VMA RS $fA $h20210104$i20210104 977 $a 04$a 52 996 $aSocietà urbana e rurale in Italia$9679652 997 $aUNICAS LEADER 01061nam0 22002411i 450 001 UON00315487 005 20231205104115.656 100 $a20080918d1953 |0itac50 ba 101 $apor 102 $aPT 105 $a|||| 1|||| 200 1 $aRoteiro do Oriente$ena viagem do Ministro do Ultramar, Comandante Sarmento Rodrigues, às províncias portuguesas da Índia, Timor e Macau, no ano de 1952$fpor Barradas de Oliveira 210 $a249 p.$a24 cm. 606 $aPortogallo$xDescrizioni e viaggi$3UONC061550$2FI 620 $aPT$dLisboa$3UONL003135 700 1$aOLIVEIRA$bBarradas : de$3UONV180145$0697907 712 $aAgência Geral do Ultramar$3UONV266446$4650 801 $aIT$bSOL$c20260227$gRICA 899 $aSIBA - SISTEMA BIBLIOTECARIO DI ATENEO E ARCHIVIO STORICO$2UONSI 912 $aUON00315487 950 $aSIBA - SISTEMA BIBLIOTECARIO DI ATENEO E ARCHIVIO STORICO$dSI Port IX 021 $eSI MR 57330 5 021 996 $aRoteiro do Oriente$91373965 997 $aUNIOR